Currency by Picture Quiz - Statistics

General Stats
  • This quiz has been taken 214 times
    165 since last reset
  • The average score is 9 of 16
Answer Stats
Picture Answer % Correct
United States Dollar
97%
Euro
88%
Japanese Yen
84%
Nepali Rupee
66%
Polish Złoty
64%
Russian Ruble
63%
Brazilian Real
59%
Sierra Leonean Leone
57%
Serbian Dinar
56%
Thai Baht
54%
Nigerian Naira
48%
Romanian Leu
47%
Azerbaijani Manat
32%
Zambian Kwacha
31%
Surinamese Guilder
30%
Swedish Krona
25%
No matching quizzes found
Score Distribution
Percent of People with Each Score
Percentile by Number Answered
Your Score History
You have not taken this quiz since the last reset